[Event "Romanian Open 2021"]
[Site "Alba Iulia"]
[Date "2021.11.21"]
[Round "1.1"]
[White "Manolache, Marius"]
[Black "Padurariu, Mihai-Edward"]
[Result "1/2-1/2"]
[WhiteElo "2506"]
[BlackElo "2251"]
[Annotator "ChessBase"]
[PlyCount "146"]
[EventDate "2021.11.21"]
[EventType "swiss"]
[EventCountry "ROU"]
[SourceTitle "playchess.com"]
[Source "ChessBase"]
[SourceQuality "1"]
[TimeControl "5400+30"]

1. d4 {[%emt 0:00:04]} e6 {[%emt 0:00:22]} 2. c4 {[%emt 0:00:16]} b6 {[%emt 0:02:02]} 3. a3 {[%emt 0:01:30]} Bb7 {[%emt 0:01:02]} 4. Nc3 {[%emt 0:00:11]} Nf6 {[%emt 0:00:15]} 5. Nf3 {[%emt 0:00:34]} g6 {[%emt 0:07:48]} 6. d5 {[%emt 0:11:59]} Bg7 {[%emt 0:06:59]} 7. g3 {[%emt 0:12:35]} O-O {[%emt 0:06:52]} 8. Bg2 {[%emt 0:00:10]} exd5 {[%emt 0:04:11]} 9. cxd5 {[%emt 0:00:10]} c5 {[%emt 0:01:36]} 10. O-O {[%emt 0:04:06]} d6 {[%emt 0:02:50]} 11. Bf4 {[%emt 0:09:57]} a6 {[%emt 0:06:15]} 12. Rc1 {[%emt 0:01:28]} Re8 {[%emt 0:02:47]} 13. b4 {[%emt 0:14:22]} Nh5 {[%emt 0:08:58]} 14. Bg5 {[%emt 0:02:01]} Qc7 {[%emt 0:01:22]} 15. Nd2 {[%emt 0:15:08]} h6 {[%emt 0:02:38]} 16. Be3 {[%emt 0:02:28]} Nd7 {[%emt 0:07:11]} 17. bxc5 {[%emt 0:03:00]} bxc5 {[%emt 0:05:01]} 18. Nc4 {[%emt 0:00:39]} Ne5 {[%emt 0:06:49]} 19. Nxe5 {[%emt 0:00:56]} Rxe5 {[%emt 0:00:02]} 20. Bd2 {[%emt 0:03:26]} f5 {[%emt 0:05:46]} 21. Qa4 {[%emt 0:07:01]} Rae8 {[%emt 0:03:37]} 22. Rb1 {[%emt 0:00:54]} R5e7 {[%emt 0:03:52]} 23. Qb3 {[%emt 0:03:06]} Nf6 {[%emt 0:06:31]} 24. e3 {[%emt 0:01:23]} Ng4 {[%emt 0:06:03]} 25. h3 {[%emt 0:01:22]} Ne5 {[%emt 0:00:26]} 26. e4 {[%emt 0:00:32]} Bc8 {[%emt 0:00:34]} 27. Qa4 {[%emt 0:01:17]} Kh7 {[%emt 0:00:43]} 28. f4 {[%emt 0:01:21]} Nd3 {[%emt 0:00:54]} 29. exf5 {[%emt 0:00:21]} gxf5 {[%emt 0:00:51]} 30. Qc4 {[%emt 0:00:18]} Bd4+ {[%emt 0:00:04]} 31. Kh2 {[%emt 0:00:10]} Nf2 {[%emt 0:00:08]} 32. Be1 {[%emt 0:01:15]} Ne4 {[%emt 0:01:05]} 33. Nxe4 {[%emt 0:01:35]} fxe4 {[%emt 0:00:01]} 34. Bc3 {[%emt 0:00:53]} Qa7 {[%emt 0:01:05]} 35. f5 {[%emt 0:00:37]} a5 {[%emt 0:00:24]} 36. Bxd4 {[%emt 0:00:51]} Ba6 {[%emt 0:00:48]} 37. Qa4 {[%emt 0:00:29]} Bxf1 {[%emt 0:00:33]} 38. Bf6 {[%emt 0:00:33]} Bxg2 {[%emt 0:00:29]} 39. Bxe7 {[%emt 0:00:07]} Qxe7 {[%emt 0:00:18]} 40. f6 {[%emt 0:00:18]} Qf7 {[%emt 0:00:31]} 41. Qc6 {[%emt 0:00:27]} Kg6 {[%emt 0:00:43]} 42. Rb7 {[%emt 0:00:08]} Qf8 {[%emt 0:00:27]} 43. Kxg2 {[%emt 0:00:55]} Kxf6 {[%emt 0:00:34]} 44. Rb1 {[%emt 0:00:43]} Qe7 {[%emt 0:00:26]} 45. Rb7 {[%emt 0:00:42]} Qf8 {[%emt 0:00:19]} 46. Rb1 {[%emt 0:00:36]} Qe7 {[%emt 0:00:18]} 47. Qa4 {[%emt 0:00:32]} Kg6 {[%emt 0:00:50]} 48. Rb7 {[%emt 0:00:24]} Qf8 {[%emt 0:00:35]} 49. Qd1 {[%emt 0:00:17]} Qf3+ {[%emt 0:00:26]} 50. Qxf3 {[%emt 0:00:06]} exf3+ {[%emt 0:00:01]} 51. Kxf3 {[%emt 0:00:07]} Re5 {[%emt 0:00:05]} 52. Ra7 {[%emt 0:00:11]} Rxd5 {[%emt 0:00:09]} 53. Rxa5 {[%emt 0:00:08]} Rd3+ {[%emt 0:00:56]} 54. Kf4 {[%emt 0:00:41]} c4 {[%emt 0:00:46]} 55. Ra6 {[%emt 0:00:09]} Rd4+ {[%emt 0:00:43]} 56. Ke3 {[%emt 0:00:16]} Rd3+ {[%emt 0:00:04]} 57. Kf4 {[%emt 0:00:17]} Kf6 {[%emt 0:01:04]} 58. a4 {[%emt 0:00:43]} Ke6 {[%emt 0:00:35]} 59. Ra8 {[%emt 0:02:29]} Ra3 {[%emt 0:00:29]} 60. a5 {[%emt 0:00:10]} Kd5 {[%emt 0:00:37]} 61. a6 {[%emt 0:00:33]} Kd4 {[%emt 0:00:26]} 62. a7 {[%emt 0:00:35]} d5 {[%emt 0:00:37]} 63. g4 {[%emt 0:00:07]} c3 {[%emt 0:00:14]} 64. h4 {[%emt 0:00:13]} c2 {[%emt 0:00:15]} 65. Rc8 {[%emt 0:00:10]} Kd3 {[%emt 0:00:12]} 66. g5 {[%emt 0:00:47]} hxg5+ {[%emt 0:00:13]} 67. hxg5 {[%emt 0:00:06]} Rxa7 {[%emt 0:00:06]} 68. Ke5 {[%emt 0:00:08]} d4 {[%emt 0:01:47]} 69. g6 {[%emt 0:00:07]} Rg7 {[%emt 0:00:17]} 70. Kf6 {[%emt 0:00:06]} Rxg6+ {[%emt 0:00:04]} 71. Kxg6 {[%emt 0:00:06]} Kd2 {[%emt 0:00:04]} 72. Kf5 {[%emt 0:00:06]} d3 {[%emt 0:01:32]} 73. Ke4 {[%emt 0:00:05]} c1=Q {[%emt 0:00:33]} 1/2-1/2

[Event "Romanian Open 2021"]
[Site "Alba Iulia"]
[Date "2021.11.21"]
[Round "1.2"]
[White "Nastore, Pavel-Alexandru"]
[Black "Nevednichy, Vladislav"]
[Result "1/2-1/2"]
[WhiteElo "2249"]
[BlackElo "2504"]
[Annotator "TA"]
[PlyCount "137"]
[EventDate "2021.11.21"]
[EventType "swiss"]
[EventCountry "ROU"]
[SourceTitle "playchess.com"]
[Source "ChessBase"]
[SourceQuality "1"]

{[%evp 9,137,54,53,51,51,41,35,41,52,38,45,23,28,14,11,7,30,32,25,22,26,10,21,14,50,-10,36,36,29,27,31,20,32,32,56,49,57,57,62,39,43,47,45,39,50,39,62,45,142,124,170,173,206,208,214,207,193,206,222,218,257,260,245,31,285,282,400,400,401,394,404,353,313,247,263,243,511,350,872,744,685,678,1645,1641,1608,1540,1474,1237,29976,29977,29980,10,10,10,14,14,14,12,12,0,12,14,248,248,248,248,248,248,410,410,472,410,410,429,490,490,464,444,349,83,83,83,83,83,91,8,8,8,8,-8]} 1. e4 d5 2. exd5 Qxd5 3. Nc3 Qd6 4. d4 Nf6 5. Nf3 c6 6. g3 {B01: Scandinavian Defence.} Bf5 7. Bg2 e6 8. O-O {White is slightly better.} Be7 9. a3 O-O 10. Qe2 h6 11. Rd1 {[#]} Qc7 $146 ({Predecessor:} 11... Qd8 12. Ne5 Bh7 13. g4 Nbd7 14. f4 Ne8 15. Ne4 Qc7 16. Ng3 Rd8 17. Be3 Bd6 {½-½ (57) Loiseau,Q (2424)-Martinez Lopez,I (2176) Escaldes 2017}) 12. Bf4 Bd6 13. Bxd6 Qxd6 14. Na4 Nbd7 15. c4 Qc7 16. Rac1 Rfe8 17. b4 (17. Ne5 $14) 17... Bg4 18. h3 Bxf3 19. Qxf3 Rac8 20. Qb3 Red8 21. Nb2 b6 22. Qe3 Qb8 23. Nd3 Qc7 24. Ne5 Nxe5 25. dxe5 Nd7 26. f4 c5 27. Rd6 Nf8 28. Qd2 cxb4 (28... a6 $14) 29. axb4 $16 a5 30. c5 $1 axb4 31. c6 (31. Qxb4 bxc5 32. Rxd8 cxb4 $11) 31... b3 32. Rd1 {[%cal Rd6d8]} Re8 33. Qb4 Qa7 34. Qxb3 b5+ 35. Kh2 Qc5 36. Rd7 $2 Ra8 $2 {[%mdl 8192]} (36... Rxc6 $14 37. Bxc6 Nxd7 38. Bxd7 Rd8) 37. Rb7 $18 Ra3 (37... Qf2 {was worth a try.} 38. Qxb5 Ra2) 38. Rxb5 Qa7 {[#]} 39. Rb7 Qc5 (39... Rxb3 40. Rxa7) 40. Qb6 Qc3 41. Qf2 Rc8 42. Rd2 h5 $2 (42... Rxc6 {keeps fighting.} 43. Bxc6 Qxc6) 43. h4 Qc4 $2 (43... Rxc6 44. Bxc6 Qxc6) 44. Rc2 Qd3 45. c7 {aiming for Rb8.} Rc3 46. Rxc3 Qxc3 47. Qa7 g5 48. fxg5 ({And not} 48. Qb8 gxf4 49. gxf4 (49. Qxc8 Qxg3+ 50. Kh1 Qe1+ 51. Kh2 Qg3+ 52. Kh1 Qe1+ 53. Kh2 Qxh4+ 54. Kg1 Qe1+ {[%mdl 64] Double Attack} 55. Bf1 Qg3+ 56. Kh1 Qh4+ 57. Kg2 Qg3+ 58. Kh1 Qh4+ 59. Kg2 Qg3+ 60. Kh1 $11) 49... Qc1 $11) 48... Kg7 49. Qb8 Nd7 50. Rb3 $2 (50. Qxc8 {mates} Nxe5 51. Qxe6 $3 {[%mdl 512]} (51. Rb8 Ng4+ 52. Kh3 Nf2+ 53. Kh2 Ng4+ 54. Kh3 Nf2+ 55. Kh2 Ng4+ $11) 51... Ng4+ 52. Qxg4 $3 {[%mdl 512]} hxg4 53. h5 Qc5 54. h6+ Kg6 55. Be4+ f5 56. gxf6+ Kxh6 57. f7) 50... Qxc7 $11 51. Qxc7 Rxc7 {[%mdl 4096] Endgame KRB-KRN} 52. Bf3 Kg6 53. Be4+ Kg7 54. Bf3 Kg6 55. Rb5 Rc5 $2 (55... Rc3 $11 56. Kg2 Re3) 56. Be4+ Kg7 57. Rxc5 Nxc5 $18 {KB-KN} 58. Bf3 Nd3 $2 (58... Kg6 59. Bc6 Kg7) 59. Bxh5 Nxe5 60. Kg2 f6 61. gxf6+ Kxf6 62. Be2 Kf5 63. Kf2 Ke4 64. h5 $2 (64. Bh5 $18 {and White stays clearly on top.}) 64... Kf5 $16 65. Ke3 Nd7 {[#]} 66. g4+ $1 Kg5 {[#]} 67. Bc4 ({White should play} 67. Ke4 $1 $16) 67... Kxg4 $11 68. Bxe6+ Kxh5 69. Ke4 {Weighted Error Value: White=0.33/Black=0.52} 1/2-1/2

[Event "Romanian Open 2021"]
[Site "Alba Iulia"]
[Date "2021.11.21"]
[Round "1.3"]
[White "Ghimpu, Samuel-Timotei"]
[Black "Filip, Andrei"]
[Result "1/2-1/2"]
[WhiteElo "2414"]
[BlackElo "2243"]
[Annotator "TA"]
[PlyCount "84"]
[EventDate "2021.11.21"]
[EventType "swiss"]
[EventCountry "ROU"]
[SourceTitle "playchess.com"]
[Source "ChessBase"]
[SourceQuality "1"]

{[%evp 15,84,0,14,19,22,14,21,0,12,0,12,8,8,0,0,0,0,0,60,56,79,79,79,79,79,81,84,76,98,100,97,84,95,95,91,91,86,95,88,88,82,95,93,56,55,50,55,52,47,43,87,68,68,68,68,68,68,70,82,82,83,83,89,0,0,0,0,0,0,0,0]} 1. c4 Nf6 2. d4 e6 3. Nc3 Bb4 4. f3 d5 5. a3 Bxc3+ 6. bxc3 c5 7. cxd5 Nxd5 8. Qd2 Qa5 9. e4 {E25: Nimzo-Indian: Sämisch: 5...c5 6 f3 d5 7 cxd5.} Nb6 10. Rb1 Bd7 11. Bd3 Ba4 12. Ne2 Nc6 13. O-O {[#]} Rd8 $146 {[%cal Rc5d4]} ({Predecessor:} 13... O-O-O 14. Qb2 Rd7 15. Bd2 c4 16. Bc2 Bxc2 17. Qxc2 Na4 18. Ng3 g6 19. e5 b5 {1-0 (57) Portisch,L-Pogats,J Budapest 1959}) 14. Qb2 O-O 15. Bf4 e5 16. Bg5 f6 (16... exd4 $11 17. Bxd8 Rxd8 18. cxd4 c4) 17. Qa2+ $14 Kh8 18. Bd2 c4 19. Bxc4 Nxc4 20. Qxc4 exd4 21. Rxb7 {[%cal Re2d4]} Ne5 22. Qb4 ({Much weaker is} 22. cxd4 $6 Nxc4 23. Bxa5 Nxa5 $11) 22... Qxb4 23. Rxb4 d3 24. Nf4 Bc2 25. Ne6 {[%mdl 64] Double Attack} a5 {[#]} 26. Rb5 ({Don't go for} 26. Nxd8 $2 axb4 27. Ne6 Re8 $19) 26... Rb8 {[#]} 27. Rxe5 fxe5 28. Nxf8 Rxf8 $16 {[%mdl 4096] Endgame KRB-KRB} 29. c4 a4 $1 30. c5 Rc8 31. Bb4 Rd8 {next ...d2 is good for Black.} 32. Rf2 Rc8 33. Kf1 Rb8 $1 {[%cal Rb8b4]} 34. c6 {And now c7 would win.} Rc8 35. Bd6 {Strongly threatening c7.} Rxc6 36. Bxe5 Rb6 {[%cal Rb6b1]} 37. Ke1 Rb1+ 38. Kd2 Kg8 39. f4 (39. Bc3 $16) 39... Rd1+ $11 {The position is equal.} 40. Kc3 Re1 41. f5 Rxe4 42. Bd4 Re2 {Weighted Error Value: White=0.07/Black=0.06} 1/2-1/2

[Event "Romanian Open 2021"]
[Site "Alba Iulia"]
[Date "2021.11.21"]
[Round "1.4"]
[White "Antal, Hunor-Zoltan"]
[Black "Stoleriu, George"]
[Result "1/2-1/2"]
[WhiteElo "2111"]
[BlackElo "2412"]
[Annotator "TA"]
[PlyCount "85"]
[EventDate "2021.11.21"]
[EventType "swiss"]
[EventCountry "ROU"]
[SourceTitle "playchess.com"]
[Source "ChessBase"]
[SourceQuality "1"]

{[%evp 16,85,15,9,58,52,52,17,26,14,18,11,22,6,6,1,10,10,6,0,0,0,0,-2,0,-30,-24,-37,-33,-41,-46,-46,-26,-64,-60,-112,-112,-112,-119,-106,-109,-113,-100,-116,-76,-75,-40,-27,-8,-8,-8,-42,0,0,0,0,8,8,8,8,7,0,14,18,14,0,0,0,0,0,0,0]} 1. e4 e6 2. d4 d5 3. Nc3 Bb4 4. e5 c5 5. Bd2 Ne7 6. a3 Bxc3 7. Bxc3 Nbc6 8. Nf3 cxd4 9. Nxd4 Nxd4 {C17: French: 3 Nc3 Bb4 4 e5 c5 sidelines.} 10. Qxd4 O-O {[#]} 11. Qh4 $146 ({Predecessor:} 11. Qg4 b6 12. O-O-O a5 13. f4 Ba6 14. Bxa6 Rxa6 15. Qe2 Ra8 16. g4 Qc7 17. Rhf1 {0-1 (78) Nomin Erdene,D (2376)-Chernyak,V (2186) St Petersburg 2018}) 11... Nc6 12. Qxd8 Rxd8 13. O-O-O b6 14. Bb5 Nb8 15. Bd4 Ba6 16. Bxa6 Nxa6 17. b3 Rac8 18. Kb2 Rc7 19. Rd2 Rdc8 20. h4 h5 21. Rh3 Nb8 22. Rc3 Rxc3 23. Bxc3 $15 {[%mdl 4096] Endgame KRB-KRN} Nc6 24. f3 Kh7 25. a4 ({Better is} 25. Re2 $15) 25... Kg6 $17 26. g4 {[#]} Rh8 $1 27. Rg2 d4 28. Be1 Nxe5 29. gxh5+ Kf6 30. f4 Nf3 31. Bf2 {Threatening Rg3.} Rd8 {Black wants to play ...d3.} 32. Kc1 Rd5 33. Kd1 d3 34. cxd3 {The position is equal.} Nd4 ({But not} 34... Rxd3+ $6 35. Ke2 $16) 35. b4 {[%cal Bb3b4,Bb4b5][%mdl 32]} Nc6 36. Be1 Rxd3+ 37. Kc2 Rh3 {White should prevent ...Nd4+.} 38. Bc3+ Ke7 39. b5 Na5 40. Bb4+ Kf6 41. Bc3+ Ke7 42. Bb4+ Kf6 43. Bc3+ {Weighted Error Value: White=0.08/Black=0.06} 1/2-1/2

[Event "Romanian Open 2021"]
[Site "Alba Iulia"]
[Date "2021.11.21"]
[Round "1.5"]
[White "Pasztor, Balazs"]
[Black "Botea, David-Alexandru"]
[Result "1-0"]
[WhiteElo "2356"]
[BlackElo "2013"]
[Annotator "NA"]
[PlyCount "45"]
[EventDate "2021.11.21"]
[EventType "swiss"]
[EventCountry "ROU"]
[SourceTitle "playchess.com"]
[Source "ChessBase"]
[SourceQuality "1"]
[TimeControl "5400+30"]

1. e4 {[%emt 0:00:07]} d6 {[%emt 0:00:11]} 2. d4 {[%emt 0:00:06]} Nf6 {[%emt 0:00:11]} 3. Nc3 {[%emt 0:00:09]} g6 {[%emt 0:00:07]} 4. Nf3 {[%emt 0:00:10]} Bg7 {[%emt 0:00:06]} 5. Be3 {[%emt 0:00:08]} O-O {[%emt 0:00:26]} 6. Qd2 {[%emt 0:00:06]} a6 {[%emt 0:00:15]} 7. Bh6 {[%emt 0:02:08]} b5 {[%emt 0:00:10]} 8. Bd3 {[%emt 0:03:18]} Nc6 {[%emt 0:00:43]} 9. Bxg7 {[%emt 0:08:28]} Kxg7 {[%emt 0:00:08]} 10. e5 {[%emt 0:03:42]} Nd7 {[%emt 0:22:49]} 11. h4 {[%emt 0:04:42]} dxe5 {[%emt 0:07:20]} 12. h5 {[%emt 0:00:28]} Rh8 {[%emt 0:01:11]} 13. O-O-O {[%emt 0:05:27]} Nxd4 {[%emt 0:14:59]} 14. h6+ {[%emt 0:19:59]} Kg8 {[%emt 0:08:38]} 15. Nxd4 {[%emt 0:01:10]} exd4 {[%emt 0:00:18]} 16. Be4 {[%emt 0:00:05]} Rb8 {[%emt 0:11:56]} 17. Qxd4 {[%emt 0:00:10]} Qf8 {[%emt 0:01:31]} 18. Nd5 {[%emt 0:07:00]} Nf6 {[%emt 0:00:18]} 19. Nxf6+ {[%emt 0:03:09]} exf6 {[%emt 0:00:06]} 20. Qxf6 {[%emt 0:00:44]} Be6 {[%emt 0:01:19]} 21. Kb1 {[%emt 0:00:59]} Re8 {[%emt 0:01:12]} 22. Bc6 {[%emt 0:00:16]} Rb8 {[%emt 0:00:30]} 23. Rd2 {[%emt 0:00:47]} 1-0

[Event "Romanian Open 2021"]
[Site "Alba Iulia"]
[Date "2021.11.21"]
[Round "1.6"]
[White "Negrean, Andrei"]
[Black "Vajda, Albert"]
[Result "1/2-1/2"]
[WhiteElo "1847"]
[BlackElo "2353"]
[Annotator "NA"]
[PlyCount "79"]
[EventDate "2021.11.21"]
[EventType "swiss"]
[EventCountry "ROU"]
[SourceTitle "playchess.com"]
[Source "ChessBase"]
[SourceQuality "1"]
[TimeControl "5400+30"]

1. e4 {[%emt 0:00:06]} c6 {[%emt 0:00:05]} 2. d4 {[%emt 0:00:17]} d5 {[%emt 0:00:07]} 3. Nc3 {[%emt 0:00:23]} dxe4 {[%emt 0:00:13]} 4. Nxe4 {[%emt 0:00:23]} Bf5 {[%emt 0:00:09]} 5. Ng3 {[%emt 0:00:16]} Bg6 {[%emt 0:00:08]} 6. Nh3 {[%emt 0:00:43]} Nf6 {[%emt 0:02:09]} 7. Nf4 {[%emt 0:04:37]} Nd5 {[%emt 0:03:29]} 8. Nxg6 {[%emt 0:11:42]} hxg6 {[%emt 0:00:14]} 9. Ne4 {[%emt 0:12:48]} e6 {[%emt 0:06:20]} 10. g3 {[%emt 0:10:06]} Nf6 {[%emt 0:05:30]} 11. Bg2 {[%emt 0:10:06]} Nxe4 {[%emt 0:03:29]} 12. Bxe4 {[%emt 0:00:31]} Nd7 {[%emt 0:00:47]} 13. O-O {[%emt 0:08:43]} Nf6 {[%emt 0:04:39]} 14. Bg2 {[%emt 0:03:55]} Qa5 {[%emt 0:00:44]} 15. c3 {[%emt 0:08:24]} Bd6 {[%emt 0:10:04]} 16. Be3 {[%emt 0:05:13]} g5 {[%emt 0:06:40]} 17. b4 {[%emt 0:08:48]} Qf5 {[%emt 0:01:03]} 18. Qb1 {[%emt 0:05:19]} g4 {[%emt 0:06:19]} 19. Qxf5 {[%emt 0:01:33]} exf5 {[%emt 0:00:08]} 20. b5 {[%emt 0:02:53]} Kd7 {[%emt 0:01:34]} 21. Rab1 {[%emt 0:01:43]} Rab8 {[%emt 0:01:55]} 22. c4 {[%emt 0:02:17]} Bc7 {[%emt 0:13:25]} 23. Rb3 {[%emt 0:00:36]} Ne4 {[%emt 0:01:22]} 24. Bxe4 {[%emt 0:00:30]} fxe4 {[%emt 0:00:06]} 25. bxc6+ {[%emt 0:00:31]} bxc6 {[%emt 0:00:27]} 26. Rfb1 {[%emt 0:00:29]} Rxb3 {[%emt 0:04:35]} 27. Rxb3 {[%emt 0:00:26]} a5 {[%emt 0:03:13]} 28. Kg2 {[%emt 0:00:38]} f5 {[%emt 0:02:17]} 29. d5 {[%emt 0:00:29]} cxd5 {[%emt 0:02:51]} 30. cxd5 {[%emt 0:00:06]} g6 {[%emt 0:04:43]} 31. Rb7 {[%emt 0:00:28]} Kc8 {[%emt 0:01:55]} 32. Ra7 {[%emt 0:00:35]} Rd8 {[%emt 0:00:55]} 33. Ra8+ {[%emt 0:00:50]} Kb7 {[%emt 0:02:10]} 34. Ra7+ {[%emt 0:00:31]} Kb8 {[%emt 0:01:04]} 35. Ra6 {[%emt 0:00:23]} Rd6 {[%emt 0:02:22]} 36. Rxd6 {[%emt 0:01:12]} Bxd6 {[%emt 0:00:05]} 37. a4 {[%emt 0:00:00]} Kc7 {[%emt 0:00:39]} 38. h3 {[%emt 0:00:11]} gxh3+ {[%emt 0:06:40]} 39. Kxh3 {[%emt 0:00:07]} Be7 {[%emt 0:00:11]} 40. Kg2 {[%emt 0:01:42]} 1/2-1/2

[Event "Romanian Open 2021"]
[Site "Alba Iulia"]
[Date "2021.11.21"]
[Round "1.7"]
[White "Manea, Alexandru"]
[Black "Maria, Lia-Alexandra"]
[Result "1-0"]
[WhiteElo "2342"]
[BlackElo "1784"]
[Annotator "NA"]
[PlyCount "125"]
[EventDate "2021.11.21"]
[EventType "swiss"]
[EventCountry "ROU"]
[SourceTitle "playchess.com"]
[Source "ChessBase"]
[SourceQuality "1"]
[TimeControl "5400+30"]

1. e4 {[%emt 0:01:20]} c5 {[%emt 0:00:07]} 2. Nc3 {[%emt 0:00:07]} g6 {[%emt 0:00:08]} 3. h4 {[%emt 0:00:05]} h5 {[%emt 0:02:42]} 4. Nf3 {[%emt 0:03:23]} Nc6 {[%emt 0:00:50]} 5. d4 {[%emt 0:02:57]} cxd4 {[%emt 0:00:30]} 6. Nxd4 {[%emt 0:00:10]} Bg7 {[%emt 0:00:58]} 7. Nb3 {[%emt 0:00:28]} Nf6 {[%emt 0:00:48]} 8. Bg5 {[%emt 0:00:06]} a6 {[%emt 0:01:59]} 9. Qd2 {[%emt 0:00:18]} b5 {[%emt 0:01:02]} 10. f3 {[%emt 0:02:46]} d6 {[%emt 0:01:54]} 11. O-O-O {[%emt 0:02:58]} Be6 {[%emt 0:06:21]} 12. Nd5 {[%emt 0:00:45]} Bxd5 {[%emt 0:01:35]} 13. exd5 {[%emt 0:00:03]} Ne5 {[%emt 0:00:28]} 14. Be2 {[%emt 0:08:57]} Rc8 {[%emt 0:03:06]} 15. Qa5 {[%emt 0:09:33]} Qc7 {[%emt 0:01:57]} 16. Qxc7 {[%emt 0:01:40]} Rxc7 {[%emt 0:00:09]} 17. Kb1 {[%emt 0:00:15]} O-O {[%emt 0:04:11]} 18. c3 {[%emt 0:02:05]} Rb8 {[%emt 0:01:46]} 19. Rhg1 {[%emt 0:04:35]} Nc4 {[%emt 0:03:57]} 20. Bc1 {[%emt 0:12:27]} Nb6 {[%emt 0:02:27]} 21. g4 {[%emt 0:01:04]} hxg4 {[%emt 0:00:54]} 22. fxg4 {[%emt 0:03:21]} Nfxd5 {[%emt 0:01:08]} 23. Bf3 {[%emt 0:00:19]} e6 {[%emt 0:05:36]} 24. h5 {[%emt 0:00:05]} Be5 {[%emt 0:10:26]} 25. hxg6 {[%emt 0:01:41]} fxg6 {[%emt 0:00:10]} 26. Be4 {[%emt 0:00:06]} Kg7 {[%emt 0:01:44]} 27. Nd4 {[%emt 0:00:46]} Bxd4 {[%emt 0:01:51]} 28. Rxd4 {[%emt 0:00:15]} Nf6 {[%emt 0:04:59]} 29. Bc2 {[%emt 0:11:13]} Nbd5 {[%emt 0:02:19]} 30. Bb3 {[%emt 0:01:38]} b4 {[%emt 0:03:32]} 31. c4 {[%emt 0:03:31]} e5 {[%emt 0:01:09]} 32. Rdd1 {[%emt 0:05:06]} Nb6 {[%emt 0:00:53]} 33. Rxd6 {[%emt 0:00:39]} Nxc4 {[%emt 0:06:16]} 34. Rxa6 {[%emt 0:01:34]} Re8 {[%emt 0:02:09]} 35. g5 {[%emt 0:20:02]} Nd7 {[%emt 0:02:06]} 36. Rd1 {[%emt 0:01:07]} Ndb6 {[%emt 0:01:52]} 37. Bxc4 {[%emt 0:00:33]} Nxc4 {[%emt 0:00:12]} 38. b3 {[%emt 0:00:15]} Na3+ {[%emt 0:00:48]} 39. Bxa3 {[%emt 0:00:06]} bxa3 {[%emt 0:00:05]} 40. Rdd6 {[%emt 0:00:57]} Rec8 {[%emt 0:01:25]} 41. Rxg6+ {[%emt 0:00:08]} Kh7 {[%emt 0:00:30]} 42. Rh6+ {[%emt 0:00:03]} Kg7 {[%emt 0:00:10]} 43. Rhg6+ {[%emt 0:00:07]} Kh7 {[%emt 0:00:06]} 44. Rh6+ {[%emt 0:00:04]} Kg7 {[%emt 0:00:08]} 45. Rh1 {[%emt 0:02:26]} Rc3 {[%emt 0:02:12]} 46. Rxa3 {[%emt 0:00:11]} Kg6 {[%emt 0:00:06]} 47. Ra5 {[%emt 0:00:37]} Re3 {[%emt 0:00:22]} 48. Rg1 {[%emt 0:00:38]} e4 {[%emt 0:02:33]} 49. Ra6+ {[%emt 0:00:06]} Kf5 {[%emt 0:00:32]} 50. g6 {[%emt 0:00:04]} Kf4 {[%emt 0:01:38]} 51. g7 {[%emt 0:00:10]} Rg8 {[%emt 0:00:25]} 52. Rf6+ {[%emt 0:00:05]} Ke5 {[%emt 0:00:14]} 53. Rf8 {[%emt 0:00:06]} Rf3 {[%emt 0:00:14]} 54. Rxg8 {[%emt 0:00:07]} e3 {[%emt 0:00:09]} 55. Re8+ {[%emt 0:00:04]} Kd4 {[%emt 0:00:04]} 56. Rd1+ {[%emt 0:00:15]} Kc3 {[%emt 0:00:08]} 57. Rxe3+ {[%emt 0:00:07]} Rxe3 {[%emt 0:00:06]} 58. g8=Q {[%emt 0:00:05]} Re4 {[%emt 0:00:20]} 59. Rc1+ {[%emt 0:00:07]} Kb4 {[%emt 0:00:11]} 60. Qc4+ {[%emt 0:00:04]} Ka3 {[%emt 0:00:14]} 61. Qc5+ {[%emt 0:00:09]} Rb4 {[%emt 0:00:10]} 62. Qa5+ {[%emt 0:00:03]} Ra4 {[%emt 0:00:10]} 63. Qxa4# {[%emt 0:00:23]} 1-0

[Event "Romanian Open 2021"]
[Site "Alba Iulia"]
[Date "2021.11.21"]
[Round "1.8"]
[White "Butolo, Alexandru-Mircea"]
[Black "Pasti, Aron"]
[Result "0-1"]
[WhiteElo "1768"]
[BlackElo "2335"]
[Annotator "NA"]
[PlyCount "58"]
[EventDate "2021.11.21"]
[EventType "swiss"]
[EventCountry "ROU"]
[SourceTitle "playchess.com"]
[Source "ChessBase"]
[SourceQuality "1"]
[TimeControl "5400+30"]

1. e4 {[%emt 0:02:24]} c5 {[%emt 0:00:10]} 2. Nf3 {[%emt 0:00:23]} e6 {[%emt 0:00:05]} 3. g3 {[%emt 0:00:58]} Nc6 {[%emt 0:01:32]} 4. Bg2 {[%emt 0:03:12]} Nf6 {[%emt 0:05:07]} 5. Nc3 {[%emt 0:06:31]} d6 {[%emt 0:02:31]} 6. O-O {[%emt 0:05:20]} Be7 {[%emt 0:00:46]} 7. h3 {[%emt 0:02:04]} O-O {[%emt 0:01:38]} 8. d4 {[%emt 0:03:11]} cxd4 {[%emt 0:00:20]} 9. Nxd4 {[%emt 0:00:17]} a6 {[%emt 0:01:00]} 10. Be3 {[%emt 0:03:41]} Qc7 {[%emt 0:05:13]} 11. Qe2 {[%emt 0:05:32]} Bd7 {[%emt 0:02:28]} 12. a4 {[%emt 0:04:07]} Rab8 {[%emt 0:11:24]} 13. Rfd1 {[%emt 0:03:54]} Na5 {[%emt 0:10:43]} 14. Qd3 {[%emt 0:10:58]} Rfc8 {[%emt 0:08:40]} 15. f4 {[%emt 0:06:04]} Nc4 {[%emt 0:03:18]} 16. Bc1 {[%emt 0:00:18]} e5 {[%emt 0:06:38]} 17. Nde2 {[%emt 0:02:53]} b5 {[%emt 0:09:05]} 18. b3 {[%emt 0:04:33]} b4 {[%emt 0:03:53]} 19. bxc4 {[%emt 0:05:12]} bxc3 {[%emt 0:00:18]} 20. Ba3 {[%emt 0:00:37]} Be6 {[%emt 0:05:23]} 21. c5 {[%emt 0:04:50]} d5 {[%emt 0:11:45]} 22. exd5 {[%emt 0:03:31]} Bxc5+ {[%emt 0:00:03]} 23. Kh1 {[%emt 0:00:24]} e4 {[%emt 0:02:05]} 24. Bxe4 {[%emt 0:05:58]} Bxh3 {[%emt 0:00:07]} 25. Bf3 {[%emt 0:03:42]} Ng4 {[%emt 0:01:03]} 26. Bxg4 {[%emt 0:01:11]} Bxg4 {[%emt 0:00:06]} 27. Bxc5 {[%emt 0:00:06]} Qxc5 {[%emt 0:00:07]} 28. Re1 {[%emt 0:03:25]} Qf2 {[%emt 0:06:20]} 29. Nd4 {[%emt 0:01:50]} Rb6 {[%emt 0:00:22]} 0-1